Kanclerze Republiki Federalnej Niemiec - Statystyki

Ogólne statystyki
  • Ten quiz został rozwiązany 1 144 razy
  • Średni wynik to 5 z 10
Statystyki odpowiedzi
Partia Okres Kanclerz % Poprawnych
CDU 2005–2021 Angela Merkel
98%
SPD 2021–2025 Olaf Scholz
71%
CDU od 2025 Friedrich Merz
66%
CDU 1949–1963 Konrad Adenauer
58%
CDU 1982–1998 Helmut Kohl
55%
SPD 1998–2005 Gerhard Schröder
47%
SPD 1969–1974 Willy Brandt
38%
SPD 1974–1982 Helmut Schmidt
23%
CDU 1963–1966 Ludwig Erhard
16%
CDU 1966–1969 Kurt Georg Kiesinger
13%
Nie znaleziono quizów pasujących do podanych kryteriów
Rozkład punktacji
Procent ludzi z każdym wynikiem
Percentyl według liczby udzielonych odpowiedzi
Twoja historia wyników
Nie rozwiązałeś tego quizu